Design and development of remotely pumped erbium doped fiber amplifier transmission system /
Saved in:
| 主要作者: | |
|---|---|
| 格式: | Thesis |
| 語言: | English |
| 出版: |
Serdang, Selangor :
School of Graduate Studies, Universiti Putra Malaysia
2004
|
| 主題: | |
| 標簽: |
添加標簽
沒有標簽, 成為第一個標記此記錄!
|
| LEADER | 019270000a22003730004500 | ||
|---|---|---|---|
| 001 | 351742 | ||
| 005 | 20230419132007.0 | ||
| 008 | 060427t2004 my a g m 000 0 eng d | ||
| 035 | |a (Sirsi) 351742 | ||
| 040 | |a UIAM |b eng |e rda | ||
| 050 | 0 | |a TK5103.59 | |
| 100 | 0 | |a Mohd Shahnan bin Zainal Abidin, |e author |9 90225 | |
| 245 | 1 | 0 | |a Design and development of remotely pumped erbium doped fiber amplifier transmission system / |c by Mohd Shahnan bin Zainal Abidin |
| 264 | 1 | |a Serdang, Selangor : |b School of Graduate Studies, Universiti Putra Malaysia |c 2004 | |
| 300 | |a xvi, 104 leaves : |b illustrations ; |c 30 cm. | ||
| 336 | |2 rdacontent |a text | ||
| 337 | |2 rdamedia |a unmediated | ||
| 338 | |2 rdacarrier |a volume | ||
| 500 | |a Abstracts in English and Malay. | ||
| 500 | |a 'Thesis Submitted to the School of Graduate Studies, Universiti Putra Malaysia, in fulfilmentof the requirements for the Degree of Master of Science."--On title page. | ||
| 502 | |a Thesis (Master Of Science)--Universiti Putra Malaysia, 2004. | ||
| 504 | |a Includes bibliographical references (leaves 97-102). | ||
| 530 | |a Also available on computer optical disc (4 3/4 in.) | ||
| 650 | 0 | |a Optical communications |x Equipment and supplies |9 90226 | |
| 650 | 0 | |a Optical amplifiers |9 7406 | |
| 650 | 0 | |a Optical fibers |9 87208 | |
| 655 | 0 | 7 | |a Theses, non-IIUM |
| 710 | 2 | |a Universiti Putra Malaysia. |b Sekolah Pengajian Siswazah |9 71524 | |
| 730 | 0 | |a Design and development of remotely pumped erbium doped fiber amplifier transmission system. (Computer file) |9 90227 | |
| 900 | |a hj-ajt | ||
| 942 | |2 lcc |n 0 | ||
| 999 | |c 433901 |d 465428 | ||
| 952 | |0 0 |6 T TK 005103.59 M697D 2004 |7 0 |8 THESES |9 755387 |a IIUM |b IIUM |c MULTIMEDIA |g 0.00 |o t TK 5103.59 M697D 2004 |p 00001048121 |r 2017-10-20 |t 1 |v 0.00 |y THESIS | ||
| 952 | |0 0 |6 TS CDF TK5103.59M697D 2004 |7 0 |8 THESES |9 823651 |a IIUM |b IIUM |c MULTIMEDIA |g 0.00 |o ts cdf TK5103.59M697D 2004 |p 11100326858 |r 2017-10-26 |t 1 |v 0.00 |y THESISDIG | ||
